FIFA FIFPro World XI 2005 - Statistics

Statistiche generali
  • Questo quiz è stato fatto 28 volte
  • Il punteggio medio è 9 su 11
Statistiche sulle risposte
Ruolo Nazione Squadra Calciatore % Corretto
Difensore talia Milan Paolo Maldini
100%
Portiere Brasile Milan Dida
96%
Difensore Brasile Milan Cafu
92%
Centrocampista Inghilterra Chelsea Frank Lampard
92%
Difensore Inghilterra Chelsea John Terry
92%
Centrocampista Francia Real Madrid Zinédine Zidane
92%
Attaccante Camerun Barcellona Samuel Eto'o
88%
Difensore Italia Milan Alessandro Nesta
84%
Attaccante Brasile Barcellona Ronaldinho
84%
Centrocampista Francia Chelsea Claude Makélélé
56%
Attaccante Ucraina Milan Andrij Shevcheko
0%
Nessun quiz corrispondente trovato
Distribuzione punteggi
Percentuale di utenti per punteggio
Percentile per numero di risposta
I tuoi punteggi nel tempo
Non hai fatto questo quiz